| 000 | 00812nmm a2200289 a 4500 | ||
|---|---|---|---|
| 003 | AR-X00000XY | ||
| 005 | 20251128211942.0 | ||
| 008 | 177020s1996 ||||||||||||||000 | spa|| | ||
| 020 | _a0-8442-5905-5 | ||
| 040 | _cAR-X00000XY | ||
| 100 | 1 | _aMarting, Janet | |
| 245 | 1 | 0 |
_aCommitment, voice and clarity _ban argument rhetoric and reader |
| 260 |
_aLincolnwood _bNTC Publishing Group _c1996 |
||
| 300 | 0 | _a459 p. | |
| 504 | _aContiene referencias bibliográficas | ||
| 650 | 4 | _aENSENANZA DE IDIOMAS | |
| 650 | 4 | _aINGLES | |
| 650 | 4 | _aCOMPOSICION LITERARIA | |
| 650 | 4 | _aENSENANZA DE LA ESCRITURA | |
| 650 | 4 | _aRETORICA | |
| 650 | 4 | _aEJERCICIOS DE APRENDIZAJE | |
| 653 | 0 | _aPRECEPTIVA LITERARIA | |
| 653 | 0 | _aTIPOS DE TEXTOS | |
| 653 | 0 | _aEXPRESION ESCRITA | |
| 942 | _cBK | ||
| 998 | _cNancy | ||
| 999 |
_c21762 _d21762 |
||